01436cam a2200229 a 4500999001700000008004100017010001700058020003000075020002500105043001200130050002300142245005000165260004100215300002100256490003100277504006400308520060200372650005600974700002101030942003301051952012201084 c16448d16448091229s2010 miu j b 001 0 eng  a 2009053379 a9780737749687 (hardcover) a9780737749694 (pbk.) an-us---00aLC40 b.H6412 201000aHomeschooling /cNoah Berlatsky, book editor. aDetroit :bGreenhaven Press,cc2010. a185 p. :c24 cm.1 aOpposing viewpoints series aIncludes bibliographical references (p. 172-175) and index. aThis volume explores the topics relating to homeschooling by presenting varied expert opinions that examine many of the different aspects that comprise these issues. Homeschooling is the education of children at home, typically by parents but sometimes by tutors, rather than in other formal settings of public or private school. The viewpoints are selected from a wide range of highly respected and often hard-to-find sources and publications. Allows the reader to attain the higher-level critical thinking and reading skills that are essential in a culture of diverse and contradictory opinions. 0aHome schoolingzUnited StatesvJuvenile literature.1 aBerlatsky, Noah. 2lcccBOOKShLC40 .H6412 2010 00102lcc4070aMUCbMUCcGENd2016-11-10eDonation (BFA)l0oLC40 .H6412 2010p24286r2016-11-10w2016-11-10yBOOKS